Recopilación de reglamentos con índices por ministerios, temático y de notas. Se incluyen, además todos los decretos supremos que, sin ser reglamentarios, tienen interés general y permanente

Shranjeno v:
Bibliografske podrobnosti
Korporativna značnica: Contraloría General de la República (Author)
Format: Knjiga
Jezik:španščina
Izdano: Santiago Contraloría General de la República 1978
Teme:
Oznake: Označite
Brez oznak, prvi označite!

MARC

LEADER 00000nam a2200000 a 4500
001 UCR0760
003 CL-VaPUC
008 971205e19780000CL |||||||||||||||||spa|d
082 0 4 |a 348.025  |b CON  |2 21 
110 2 |a Contraloría General de la República  |e author  |9 397056 
245 1 0 |a Recopilación de reglamentos con índices por ministerios, temático y de notas. Se incluyen, además todos los decretos supremos que, sin ser reglamentarios, tienen interés general y permanente 
300 |a t 
942 |c BK 
945 |d 19971205 00:00:00  |a lriquelm 
260 |a Santiago  |b Contraloría General de la República  |c 1978 
500 |a Comprende el período que media entre los meses de septiembre a diciembre de 1978 
500 |a Donación profesor Fernando Recio Olguín 
650 7 |a LEGISLACION  |2 CL-VaPUC  |9 397057 
650 7 |a FUENTES  |2 CL-VaPUC  |9 255666 
650 7 |a DERECHO CHILENO  |2 CL-VaPUC  |9 397058 
650 7 |a DECRETOS SUPREMOS  |2 CL-VaPUC  |9 396008 
650 7 |a REGLAMENTOS  |2 CL-VaPUC  |9 259254 
651 7 |a CHILE  |2 CL-VaPUC  |9 397059 
583 |a last modification  |c 20140410 10:42:46  |k Rodrigo Vera 
999 |c 264258  |d 264256 
952 |0 0  |1 0  |4 0  |6 348_025000000000000_CON_1978  |7 0  |8 F  |9 294280  |a BIBDER  |b BIBDER  |d 2019-11-19  |h t.36  |i 1912763  |o 348.025 CON 1978  |p 1912763  |r 2023-01-25  |w 2019-11-19  |y BK_F  |k DER 
952 |0 0  |1 0  |4 0  |6 348_025000000000000_CON_1978  |7 0  |8 X  |9 294281  |a BIBHIS  |b BIBHIS  |d 2019-11-19  |h t.36  |i 2128187  |o 348.025 CON 1978  |p 2128187  |r 2024-01-30  |w 2019-11-19  |y BK_X  |k HIS